La ciudad, escenario de comunicación. Parte 3: Los imaginarios y la urbe /
Gorde:
| Egile nagusia: | |
|---|---|
| Beste egile batzuk: | |
| Formatua: | Ezezaguna |
| Argitaratua: |
Quito:
Fundación Friedrich Ebert. Proyecto Latinoamericano de Medios de Comunicación. FLACSO. Sede Ecuador
|
| Etiketak: |
Etiketa erantsi
Etiketarik gabe, Izan zaitez lehena erregistro honi etiketa jartzen!
|
MARC
| LEADER | 00000 a2200000 04500 | ||
|---|---|---|---|
| 001 | 18377 | ||
| 003 | |||
| 008 | 991231s d | ||
| 040 | |a CRAI/IIS |c CRAI/IIS | ||
| 090 | |a 142905 | ||
| 100 | |a Carrión M, Fernando | ||
| 245 | |a La ciudad, escenario de comunicación. Parte 3: Los imaginarios y la urbe / |c Fernando Carrión M. | ||
| 260 | |a Quito: |b Fundación Friedrich Ebert. Proyecto Latinoamericano de Medios de Comunicación. FLACSO. Sede Ecuador | ||
| 300 | |a 241 p. | ||
| 700 | |a | ||
| 700 | |a Wollrad, Dörte | ||
| 700 | |a | ||
| 999 | |c 11414 |d 11414 | ||
